000 01087nam a22003257a 4500
003 CHAP
005 20220329135521.0
008 971013s1971 r 00010 d
010 _a37923
011 _a38895
035 _a43015
040 _cCHAP
090 _aFolleto 2200
100 0 0 _aQuintana Rodríguez, Rodolfo.
_993369
245 _aProteja sus cosechas contra las plagas
260 _aChapingo, Méx. :
_bDepartamento de Extensión Agrícola,
_c1971
300 _a12 p.
_b: ilus.
490 _aFolleto para agricultores
_v; 1
590 _aBATCH-UPD
_b10
_c20130110
_lUCH01
_h1204
590 _aBATCH-UPD
_b10
_c20130410
_lUCH01
_h0746
590 _aBATCH-UPD
_b10
_c20130914
_lUCH01
_h0913
590 _aCONVERSION
_b10
_c20130109
_lUCH01
_h1321
650 1 4 _aCereales
_xAlmacenamiento.
_921373
830 0 _aFolleto para agricultores
_v; 1
_942056
901 _aBK
942 _cFOLL
949 _aFolleto 2200
_bBC
_cFOLL
_d-98830
_eTS1
_i43015
_si
949 _aFolleto 2200
_bBC
_cFOLL
_d-98831
_eTS2
_fc.2
_i43015
_si
949 _aFolleto 2200
_bBC
_cFOLL
_d-98833
_eTS2
_fc.3
_i43015
_si
999 _c37923
_d37923